000 00677nam a22001817a 4500
999 _c177689
_d177689
005 20210225151812.0
010 _aENG-129064
020 _c499.00
_a978-1-5293-1977-4
035 _aEN-112596
037 _bDBAD/PUB
082 _a294.5436
100 _aIyengar, B. K. S.
245 _aLight on Life: the yoga journey to wholeness, inner peace, and ultimate freedom/
_bB. K. S. Iyengar
260 _aGurugram
_bHachette Book Publishing India Pvt. Ltd.
_c2019
270 _bGurugram
_a4th/5th Floors, Corporate Centre, Plot No- 94, Sec- 44
_e122003
300 _axxii+282p.
_c24cm(pbk)
_bIncluding illustrations and index.
942 _2ddc
_cEN
_h294.5436
_mIYE